000 00580nam a22001937a 4500
003 OSt
005 20140310181912.0
008 130713t xxu||||| |||| 00| 0 eng d
020 _a0911777148
050 _aLA 1151
_b.H325 1987
082 _aTR 303.6
_bHa25 1987
245 _aLearning from conflict : a handbook for trainers and group leaders /
_cLois Borland Hart.
260 _aPennsylvania :
_bOrganization Design and Development,
_cc1987.
300 _axiii, 218 p.,
_c28 cm.
521 _aFaculty
541 _j1
562 _e1
942 _2lcc
_cBK-TR
_kTR
999 _c6569
_d6569